Dealing effectively with the challenges of transfer pricing

Salvato in:
Dettagli Bibliografici
Natura: Libro
Lingua:inglese
Pubblicazione: Paris OECD 2012
Soggetti:
Tags: Aggiungi Tag
Nessun Tag, puoi essere il primo ad aggiungerne!!

MARC

LEADER 00000nam a2200000 4500
001 0168630
005 20240315120517.8
020 |a 978-92-64-16907-4 
041 0 |a eng 
044 |a FR 
245 1 0 |a Dealing effectively with the challenges of transfer pricing 
264 1 |a Paris  |b OECD  |c 2012 
300 |a 105 s. 
610 2 0 |a oceňovanie transferové 
610 2 0 |a dane 
610 2 0 |a krajiny rozvojové 
610 2 0 |a Dánsko 
610 2 0 |a Afrika 
610 2 0 |a Francúzsko